Normal view
MARC view
Entry Topical Term
001 - CONTROL NUMBER
- control field: 22714
003 - CONTROL NUMBER IDENTIFIER
- control field: OSt
005 - DATE AND TIME OF LATEST TRANSACTION
- control field: 20210220144432.0
008 - FIXED-LENGTH DATA ELEMENTS
- fixed length control field: 210220|| aca||aabn | a|a d
040 ## - CATALOGING SOURCE
- Original cataloging agency: OSt
- Transcribing agency: OSt
150 ## - HEADING--TOPICAL TERM
- Topical term or geographic name entry element: Diffusion, Social networks, Opinion leaders, Contagion models, Social change
670 ## - SOURCE DATA FOUND
- Source citation: Work cat.: (OSt): Becker, S.O. Hsiao, Y. Pfaff, S. Rubin, J. 22713, Multiplex network ties and the spatial diffusion of radical innovations: Martin luther’s leadership in the early reformation
